[Event "AUT-chT 9899"]
[Site "AUT"]
[Date "1999.??.??"]
[Round "?"]
[White "Volkmann, Friedrich"]
[Black "Steflitsch, Erich"]
[Result "1/2-1/2"]
[WhiteElo "2415"]
[BlackElo "2305"]

1.e4 e5 2.Nf3 Nc6 3.Bb5 a6 4.Ba4 Nf6 5.O-O b5 6.Bb3 Bb7 7.Re1 Bc5 8.c3 d6
9.d4 Bb6 10.Bg5 h6 11.Bh4 Qe7 12.a4 g5 13.Bg3 h5 14.h4 g4 15.Ng5 Nd8 16.axb5 axb5
17.Rxa8 Bxa8 18.Na3 Nd7 19.d5 f6 20.Ne6 Nxe6 21.dxe6 Nc5 22.Nxb5 Nxe4 23.Kh2 f5
24.Bd5 Nxg3 25.fxg3 Bxd5 26.Qxd5 O-O 27.Ra1 f4 28.Nd4 fxg3+ 29.Kxg3 exd4
30.cxd4 c6 31.Qxh5 Qxe6 32.Qxg4+ Qxg4+ 33.Kxg4 Bxd4 34.Ra6 Rf2 35.Rxc6 Rxg2+
36.Kf5 Be5 37.b4 Rb2 38.Rb6 Rh2 39.h5 Kg7 40.Rb7+ Kh6 41.b5 Rxh5+ 42.Ke6 Kg5
43.Rf7 Kg4 44.b6 Bh2 45.Rf2 Bg3 46.Rb2 d5 47.Rb4+ Bf4 48.Rd4 Rh6+ 49.Kxd5 Rxb6
50.Ra4 Kf5 51.Ra8 Rd6+ 52.Kc5 Rd1 53.Re8 Be5 54.Ra8 Ke4 55.Ra4+ Bd4+ 56.Kd6 Rh1
57.Ra5 Rh6+ 58.Kd7 Be5 59.Ra2 Bc3 60.Ra3 Kd4 61.Rb3 Kc4 62.Ra3 Rg6 63.Ke7 Rc6
64.Kd7 Rh6 65.Kc7 Bd4 66.Rf3 Kd5 67.Rf7 Rc6+ 68.Kd7 Ra6 69.Rf5+ Be5 70.Rf7 Bf6
71.Ke8 Ra8+ 72.Kd7 Be5 73.Ke7 Rh8 74.Kd7 Rh6 75.Ke7 Bd6+ 76.Kd7 Rh5 77.Rg7 Rh1
78.Rf7 Ra1 79.Rf5+ Be5 80.Rf7 Ra8 81.Ke7 Ra6 82.Kd7 Bf6 83.Ke8 Ke6 84.Re7+ Kf5
85.Re1 Ra7 86.Rb1 Bd4 87.Rc1 Bf6 88.Rc6 Re7+ 89.Kd8 Re6+ 90.Kc7 Rxc6+ 91.Kxc6  1/2-1/2

[Event "Regionalliga NO9899"]
[Site "Bayern"]
[Date "1999.??.??"]
[Round "?"]
[White "Teslia, Vladimir"]
[Black "Jell, Klaus"]
[Result "0-1"]
[WhiteElo "2225"]
[BlackElo "2180"]

1.e4 e5 2.Nf3 Nc6 3.Bb5 a6 4.Ba4 Nf6 5.O-O b5 6.Bb3 Bb7 7.Re1 Bc5 8.c3 Ng4
9.d4 exd4 10.h3 Nxf2 11.Kxf2 dxc3+ 12.Kg3 cxb2 13.Bxf7+ Kxf7 14.Qd5+ Ke8
15.Bxb2 Qe7 16.Qh5+ Kd8 17.Kh2 Nb4 18.Rd1 Bxe4 19.Ne5 Bd6 20.Rxd6 cxd6 21.Nf7+ Kc7
22.Nd2 Rhf8 23.Nxe4 Qxe4 24.Rc1+ Nc6 25.Nxd6 Kxd6 26.Qc5+ Kc7 27.Bd4 Rf5
28.Qb6+ Kc8 29.Bf2 Rxf2 30.Qxf2 Kb7 31.Qf7 Rd8 32.Kh1 g5 33.Rd1 Qe6 34.Qg7 Qe7
35.Qb2 g4 36.hxg4 Qh4+ 37.Kg1 Qxg4  0-1

[Event "Regionalliga NW9899"]
[Site "Bayern"]
[Date "1999.??.??"]
[Round "?"]
[White "Zoeller, Bernd"]
[Black "Neubauer, Jaroslaus"]
[Result "1-0"]
[WhiteElo "1965"]
[BlackElo "2000"]

1.e4 e5 2.Nf3 Nc6 3.Bb5 a6 4.Ba4 Nf6 5.O-O b5 6.Bb3 Bb7 7.d3 Bc5 8.Bg5 h6
9.Bh4 g5 10.Bg3 d6 11.c3 Qe7 12.a4 b4 13.Nbd2 a5 14.Nc4 bxc3 15.bxc3 Nd7
16.Ne3 Bxe3 17.fxe3 Nc5 18.Bc4 Ba6 19.Bd5 Qd7 20.Ne1 Ne6 21.Qh5 Rh7 22.Rf6 O-O-O
23.Rxh6 Rxh6 24.Qxh6 Rg8 25.Ra2 Ne7 26.Qh5 c6 27.Bxe6 Qxe6 28.c4 Kc7 29.Rf2 f6
30.Qh6 Rg6 31.Qh8 Qg8 32.Qh5 Qg7 33.Qg4 Bc8 34.Qe2 Rh6 35.Qd2 Kb6 36.Qb2+ Ka6
37.Qb8 Bb7 38.Qxd6 f5 39.Qc5 f4 40.Rb2 Nc8 41.Bf2 Qh7 42.exf4 Rxh2 43.Qb5+  1-0

[Event "Clichy Evaluation 3"]
[Site "Clichy"]
[Date "1999.??.??"]
[Round "9"]
[White "Royer, Sylvain"]
[Black "Adda, O."]
[Result "1-0"]
[WhiteElo "2275"]
[BlackElo "2100"]

1.e4 e5 2.Nf3 Nc6 3.Bb5 a6 4.Ba4 Nf6 5.O-O b5 6.Bb3 Bb7 7.c3 Nxe4 8.d4 Na5
9.Bc2 exd4 10.Re1 d5 11.Nxd4 c5 12.Nf5 g6 13.Ng3 Be7 14.Bh6 Nxg3 15.hxg3 Kd7
16.a4 Re8 17.axb5 axb5 18.Na3 Qb6 19.Nxb5 Nc4 20.Rxa8 Rxa8 21.Qf3 Qf6 22.Qg4+ Kc6
23.b3 Nd6 24.c4 Nxb5 25.cxb5+ Kxb5 26.Qd7+ Bc6 27.Qxe7 Qc3 28.Qe2+ Kb6 29.Bd2 Qb2
30.Rb1 Qa2 31.b4 c4 32.Qe3+ Ka6 33.Qc5 Rc8 34.b5+  1-0

[Event "HUN-chT29899"]
[Site "HUN"]
[Date "1999.??.??"]
[Round "?"]
[White "Dolgener, Tobias"]
[Black "Besztercsenyi, Tibor"]
[Result "0-1"]
[WhiteElo "2270"]
[BlackElo "2270"]

1.e4 e5 2.Nf3 Nc6 3.Bb5 a6 4.Ba4 Nf6 5.O-O b5 6.Bb3 Bb7 7.c3 Be7 8.Re1 O-O
9.d4 d6 10.Nbd2 Nd7 11.Nf1 Na5 12.Bc2 c5 13.d5 Nb6 14.Ng3 Bc8 15.Nf5 Bf6
16.h4 Nb7 17.g4 g6 18.Nh6+ Kh8 19.Ng5 Qe7 20.Qf3 Nd8 21.Qh3 Ra7 22.Kg2 Bg7
23.h5 Bxh6 24.hxg6 fxg6 25.Qxh6 Qf6 26.f3 Bxg4 27.fxg4 Qf2+ 28.Kh3 Rf3+ 29.Nxf3 Qxf3+
30.Kh2 Qf2+ 31.Kh3 Rf7 32.Re3 Qf1+ 33.Kg3 Qg1+ 34.Kh4 Qh2+ 35.Rh3 Qf2+ 36.Rg3 Rf3
37.Qe3 Qxg3+  0-1

[Event "Balaton op"]
[Site "Hungary"]
[Date "1999.??.??"]
[Round "6"]
[White "Hudecz, Viktor"]
[Black "Letay, Gyula"]
[Result "1-0"]
[WhiteElo "2155"]
[BlackElo "2220"]

1.e4 e5 2.Nf3 Nc6 3.Bb5 a6 4.Ba4 Nf6 5.O-O b5 6.Bb3 Bb7 7.d4 Nxd4 8.Nxd4 exd4
9.e5 Ne4 10.f3 Nc5 11.Qxd4 Nxb3 12.axb3 c5 13.Qf2 Qc7 14.Kh1 Be7 15.Qg3 O-O-O
16.Bd2 Rdg8 17.Nc3 f5 18.Rfe1 g5 19.Qf2 h5 20.Ne2 h4 21.h3 g4 22.Ng1 Rh7
23.Re2 Rhg7 24.Qe3 c4 25.b4 gxh3 26.Nxh3 Qc6 27.Rf1 Qg6 28.Bc3 Rh7 29.b3 cxb3
30.cxb3 Kb8 31.Bd2 Bd8 32.Qd3 Bc7 33.Bf4 Re7 34.Qd4 Qb6 35.Qd3 Qe6 36.Rc1 Qd5
37.Qc2 Bb6 38.Qxf5 Qxb3 39.Qf6 Rxg2 40.Qxb6  1-0

[Event "POR-ch (Women)"]
[Site "Lisboa"]
[Date "1999.??.??"]
[Round "7"]
[White "Leite, Catarina"]
[Black "Coimbra, Margarida"]
[Result "1-0"]
[WhiteElo "2035"]
[BlackElo "2065"]

1.e4 e5 2.Nf3 Nc6 3.Bb5 a6 4.Ba4 Nf6 5.O-O b5 6.Bb3 Bb7 7.Re1 Bc5 8.c3 d6
9.d4 Bb6 10.a4 O-O 11.Bg5 h6 12.Bh4 Re8 13.axb5 axb5 14.Rxa8 Bxa8 15.Na3 exd4
16.cxd4 g5 17.Bg3 Rxe4 18.Rxe4 Nxe4 19.Qd3 Nxg3 20.Qg6+  1-0

[Event "Sportland-NRW-Cup"]
[Site "Senden"]
[Date "1999.??.??"]
[Round "6"]
[White "Dgebuadze, Alexandre"]
[Black "Mainka, Romuald"]
[Result "1/2-1/2"]
[WhiteElo "2510"]
[BlackElo "2475"]

1.e4 e5 2.Nf3 Nc6 3.Bb5 a6 4.Ba4 Nf6 5.O-O b5 6.Bb3 Bb7 7.d3 Be7 8.a4 O-O
9.Bg5 Na5 10.Nbd2 Nxb3 11.Nxb3 d6 12.Na5 Rb8 13.axb5 axb5 14.Nxb7 Rxb7 15.d4 Nd7
16.Bxe7 Qxe7 17.Re1 Re8 18.Qd2 h6 19.h3 Kh7 20.Ra3 g6 21.Rae3 Nf6 22.c3 Kg7
23.Nh2 c5 24.R3e2 b4 25.Nf1  1/2-1/2

[Event "Sportland-NRW-Cup"]
[Site "Senden"]
[Date "1999.??.??"]
[Round "8"]
[White "Michalczak, Thomas"]
[Black "Berkvens, Joost"]
[Result "1/2-1/2"]
[WhiteElo "2265"]
[BlackElo "2265"]

1.e4 e5 2.Nf3 Nc6 3.Bb5 a6 4.Ba4 Nf6 5.O-O b5 6.Bb3 Bb7 7.Re1 Bc5 8.c3 d6
9.d3 h6 10.Nbd2 O-O 11.Nf1 d5 12.exd5 Nxd5 13.Ng3 Nf4 14.d4 Bb6 15.Bxf4 exf4
16.Nh5 Qd6 17.Qd3 Rae8 18.Qf5 Ne7 19.Qxf4 Qxf4 20.Nxf4 c5 21.dxc5 Bxc5 22.Ne5 Bc8
23.Neg6 Nxg6 24.Nxg6 Rxe1+ 25.Rxe1 Rd8 26.Ne7+ Bxe7 27.Rxe7 Be6 28.Kf1 Kf8
29.Ra7 Bxb3 30.axb3 Rd1+ 31.Ke2 Rb1  1/2-1/2

[Event "Sportland-NRW-Cup"]
[Site "Senden"]
[Date "1999.??.??"]
[Round "9"]
[White "Klovans, Janis"]
[Black "Volzhin, Alexander"]
[Result "1/2-1/2"]
[WhiteElo "2465"]
[BlackElo "2565"]

1.e4 e5 2.Nf3 Nc6 3.Bb5 a6 4.Ba4 Nf6 5.O-O b5 6.Bb3 Bb7 7.Re1 Bc5 8.c3 d6
9.d4 Bb6 10.Bg5 h6 11.Bh4 Qe7 12.Nbd2 O-O-O 13.Nf1 g5 14.Bg3 exd4 15.Nxd4 Nxd4
16.cxd4 h5 17.f3 h4 18.Bf2 g4 19.Ne3 gxf3 20.Nf5 Qd7 21.Qxf3 h3 22.g3 Rhe8
23.Bc2 Rg8 24.d5 Bxf2+ 25.Qxf2 Kb8 26.a4 Ng4 27.Qd4 Ne5 28.Rf1 c5 29.dxc6 Qxc6
30.Rac1 Qc5 31.axb5 axb5 32.b4 Qxd4+ 33.Nxd4 d5 34.Rce1 Rge8 35.Nf3 Nc4 36.exd5 Ne3
37.Rf2 Nxc2 38.Rxe8 Rxe8 39.Rxc2 Bxd5 40.Kf2 Bc4 41.Rd2 Kc7 42.Ng5 Kc6 43.g4 Rg8
44.Nf3 Re8 45.Ng5 Rg8 46.Nf3 Re8 47.Ng5  1/2-1/2

[Event "SVK-chT1E 9899"]
[Site "SVK"]
[Date "1999.??.??"]
[Round "5"]
[White "Hagarova, Zuzana"]
[Black "Bzowski, Blazej"]
[Result "1-0"]
[WhiteElo "2305"]
[BlackElo "2235"]

1.e4 e5 2.Nf3 Nc6 3.Bb5 a6 4.Ba4 Nf6 5.O-O b5 6.Bb3 Bb7 7.Re1 Bc5 8.c3 Ng4
9.Rf1 d6 10.d4 Bb6 11.Bxf7+ Kxf7 12.Ng5+ Kg8 13.Qxg4 Bc8 14.Qh5 g6 15.Qf3 Qe7
16.d5 h6 17.Qg3 hxg5 18.Bxg5 Qf7 19.dxc6 Be6 20.Nd2 Bxa2 21.Be3 Kg7 22.Bxb6 cxb6
23.f4 Bc4 24.Nxc4 Qxc4 25.fxe5 Qc5+ 26.Qf2 dxe5 27.Qxc5 bxc5 28.Rad1 Rhc8
29.Rd7+ Kh6 30.c7 Ra7 31.Rff7 a5 32.Kf2 b4 33.Kg3 Rh8  1-0

[Event "SVK-chT1E 9899"]
[Site "SVK"]
[Date "1999.??.??"]
[Round "10"]
[White "Manik, Mikulas"]
[Black "Bzowski, Blazej"]
[Result "1-0"]
[WhiteElo "2460"]
[BlackElo "2235"]

1.e4 e5 2.Nf3 Nc6 3.Bb5 a6 4.Ba4 Nf6 5.O-O b5 6.Bb3 Bb7 7.Re1 Bc5 8.c3 d6
9.d4 Bb6 10.Be3 Qd7 11.h3 h6 12.Nbd2 g5 13.dxe5 Bxe3 14.exf6 Bf4 15.Bd5 O-O-O
16.Nb3 g4 17.hxg4 Rdg8 18.Nfd4 Nxd4 19.Bxb7+ Kxb7 20.Nxd4 Rxg4 21.Nf5 Rhg8
22.g3 Be5 23.Kg2 c6 24.Qf3 Rf4 25.Qh5 Qe6 26.Rad1 Rg5 27.Rxd6 Rxh5 28.Rxe6 fxe6
29.f7 Rfxf5 30.exf5 Rxf5 31.Rxe5 Rxf7 32.Rxe6 Rd7 33.Rxh6 Rd2 34.g4 Rxb2
35.g5 Rxa2 36.g6 Ra4 37.Rh3  1-0

[Event "POL-ch U20"]
[Site "Trzbinia"]
[Date "1999.??.??"]
[Round "?"]
[White "Jedryczka, Krystian"]
[Black "Jakubowski, Krzysztof"]
[Result "1-0"]
[WhiteElo "2371"]
[BlackElo "2291"]

1.e4 e5 2.Nf3 Nc6 3.Bb5 a6 4.Ba4 Nf6 5.O-O b5 6.Bb3 Bb7 7.d3 Bc5 8.Nc3 O-O
9.a3 h6 10.Be3 Bd4 11.Bxd4 Nxd4 12.Nxe5 Nxb3 13.cxb3 d5 14.Ng4 dxe4 15.Nxf6+ Qxf6
16.dxe4 Rfe8 17.Qc2 Qe5 18.f3 c5 19.Rf2 Rad8 20.Rd1 Rd4 21.Rfd2 f5 22.exf5 Rh4
23.h3 Rxh3 24.gxh3 Bxf3 25.Rf1 Qe3+ 26.Rdf2 b4 27.Nd1 Qg5+ 28.Rg2 Bxg2 29.Qxg2 Qxg2+
30.Kxg2 Rd8 31.Ne3 Rd3 32.Nc4 bxa3 33.bxa3 Rxb3 34.Rd1 Rc3 35.Ne5 Kf8 36.Rd7  1-0

[Event "Vantaa op3"]
[Site "Vantaa"]
[Date "1999.??.??"]
[Round "1"]
[White "Kokkila, Tero"]
[Black "Lehti, Juhani"]
[Result "1-0"]
[WhiteElo "2293"]
[BlackElo "2070"]

1.e4 e5 2.Nf3 Nc6 3.Bb5 a6 4.Ba4 Nf6 5.O-O b5 6.Bb3 Bb7 7.d3 Bc5 8.c3 d6
9.Bg5 Qe7 10.Nh4 O-O-O 11.Nf5 Qf8 12.d4 Bb6 13.a4 Nxe4 14.Bxd8 Nxd8 15.axb5 axb5
16.Na3 g6 17.Ne3 exd4 18.cxd4 c6 19.Qc2 f5 20.Nxb5 Qf6 21.Nd5  1-0

[Event "Villa Martelli Warsteiner"]
[Site "Villa Martelli"]
[Date "1999.??.??"]
[Round "11"]
[White "Fuentes, Alberto"]
[Black "Escandell, Juan Carlos"]
[Result "0-1"]
[WhiteElo "2177"]
[BlackElo "2264"]

1.e4 e5 2.Nf3 Nc6 3.Bb5 a6 4.Bc4 Nf6 5.O-O b5 6.Bb3 Bb7 7.d3 Bd6 8.c3 O-O
9.Re1 h6 10.Nbd2 Re8 11.Nf1 Bf8 12.Ng3 Na5 13.Bc2 c5 14.Nf5 d5 15.Qe2 Qd7
16.Bd2 c4 17.Ng3 cxd3 18.Qxd3 Nc4 19.Bc1 Rad8 20.Kf1 Qc7 21.Qe2 Bc5 22.a4 Ng4
23.Nh1 Nd6 24.exd5 Bxd5 25.Kg1 Bc4 26.Bd3 Bxd3 27.Qxd3 e4  0-1

[Event "Wisla Hugart op (Women)"]
[Site "Warsaw"]
[Date "1999.??.??"]
[Round "?"]
[White "Zaksaite, Salomeja"]
[Black "Olarasu, Gabriela"]
[Result "0-1"]
[WhiteElo "2070"]
[BlackElo "2333"]

1.e4 e5 2.Nf3 Nc6 3.Bb5 a6 4.Ba4 Nf6 5.O-O b5 6.Bb3 Bb7 7.d4 Nxd4 8.Bxf7+ Kxf7
9.Nxe5+ Kg8 10.Qxd4 d6 11.Nd3 Nxe4 12.Nf4 Qf6 13.Qd3 Re8 14.Nd5 Qf7 15.Nbc3 Nxc3
16.Nxc3 d5 17.Bd2 h5 18.Rae1 Rxe1 19.Rxe1 h4 20.Re3 Rh5 21.Rf3 Qe6 22.Ne2 Qe4
23.Nf4 Rf5 24.Qxe4 dxe4 25.Rh3 g5 26.Ne6 Rd5 27.Be1 Bc8 28.Nxc7 Rd7 29.Rc3 Bb4
30.Nxb5 Bb7 31.Na3 Bxc3 32.bxc3 Rd1 33.Kf1 Ra1 34.c4 a5 35.c5 Rxa2 36.Nc4 Ba6  0-1

[Event "Extraliga CZE"]
[Site "Ostrava CZE"]
[Date "2000.02.06"]
[Round "9"]
[White "Blehm,P"]
[Black "Berzinsh,R"]
[Result "1-0"]
[WhiteElo "2479"]
[BlackElo "2446"]

1.e4 e5 2.Nf3 Nc6 3.Bb5 a6 4.Ba4 Nf6 5.O-O b5 6.Bb3 Bb7 7.d3 Bd6 8.a3 O-O
9.Nc3 h6 10.Be3 Re8 11.Nd2 Nd4 12.Ba2 Bc5 13.Nd5 d6 14.Nxf6+ Qxf6 15.f4 Ne6
16.Bxc5 dxc5 17.f5 Nf8 18.Qe2 Rad8 19.Kh1 Nd7 20.Qh5 c4 21.b4 Nb6 22.Qe2 Na4
23.dxc4 Nc3 24.Qe3 Qg5 25.Qxc3 Rxd2 26.Qf3 Rxc2 27.cxb5 axb5 28.f6 gxf6 29.Bb3 Rd2
30.Rac1 Red8 31.Rc3 f5 32.Qh3 Kf8 33.Rg3 Qf4 34.Kg1 R8d6 35.Rxf4 exf4 36.e5 Rc6
37.Rc3 Rg6 38.g3 f3 39.Qxf5 f2+ 40.Kf1  1-0

[Event "It"]
[Site "Ptuj SLO"]
[Date "2000.02.13"]
[Round "4"]
[White "Kozakov,M"]
[Black "Mikhalchishin,A"]
[Result "1/2-1/2"]
[WhiteElo "2426"]
[BlackElo "2552"]

1.e4 e5 2.Nf3 Nc6 3.Bb5 a6 4.Ba4 Nf6 5.O-O b5 6.Bb3 Bb7 7.c3 Nxe4 8.d4 Na5
9.Nxe5 Nxb3 10.Qxb3 Nd6 11.c4 bxc4 12.Nxc4 Nxc4 13.Qxb7 Be7 14.Bf4 O-O 15.Nc3 Bd6
16.Bxd6 Nxd6 17.Qf3 Rb8 18.b3 Nb5 19.Rfd1 Re8 20.Rac1 c6 21.d5 Qa5 22.dxc6 dxc6
23.a4 Nxc3 24.Qxc3 Qb6 25.Rd3 Re2 26.Rf3 h6 27.Rxf7 Kxf7 28.Qf3+ Kg8 29.Qxe2 Qxb3
30.Qxa6 Kh7 31.Qxc6 Rb4 32.a5 Qa4 33.Qe6 Qxa5 34.h3 Qg5 35.Rd1 Qf4 36.Qe2 Qe4
37.Qxe4+ Rxe4 38.Rd8 h5 39.Kh2 g6 40.g3 Kh6 41.Kg2 Kg5 42.f4+ Kh6 43.f5 Kg5
44.fxg6 Kh6 45.Kf3 Ra4 46.Rd6 Rb4 47.Ke3 Ra4 48.Re6 Rb4 49.Ra6 Rc4 50.Rd6 Ra4
51.Kf3 Rb4 52.h4 Ra4 53.Ke3 Rg4 54.Kf3 Ra4 55.Re6 Rb4 56.g7+ Kxg7 57.Re4 Rb6
58.Kf4 Kg6 59.Rd4 Rf6+  1/2-1/2

[Event "It"]
[Site "Ptuj SLO"]
[Date "2000.02.17"]
[Round "7"]
[White "Podkriznik,G"]
[Black "Mikhalchishin,A"]
[Result "1/2-1/2"]
[WhiteElo "2331"]
[BlackElo "2552"]

1.e4 e5 2.Nf3 Nc6 3.Bb5 a6 4.Ba4 Nf6 5.O-O b5 6.Bb3 Bb7 7.Re1 Bc5 8.c3 d6
9.d4 Bb6 10.Be3 O-O  1/2-1/2

[Event "Oz.com qualifier blitz"]
[Site "Internet ICC"]
[Date "2000.03.05"]
[Round "3"]
[White "Ratcu,T"]
[Black "Lane,PD"]
[Result "0-1"]
[WhiteElo "2226"]
[BlackElo "2157"]

1.e4 e5 2.Nf3 Nc6 3.Bb5 a6 4.Ba4 Nf6 5.O-O b5 6.Bb3 Bb7 7.c3 Nxe4 8.Re1 Na5
9.Nxe5 Nxb3 10.Qxb3 Qf6 11.Nf3 O-O-O 12.d4 d5 13.Nbd2 c5 14.a4 c4 15.Qc2 Bd6
16.axb5 axb5 17.b3 Qg6 18.bxc4 Nxd2 19.Qxd2 dxc4 20.d5 Bc5 21.Ne5 Qf6 22.Ng4 Qd6
23.Ne3 Rhe8 24.Bb2 g6 25.Ra5 Qb6 26.Rea1 Rxe3  0-1

[Event "NED-chT"]
[Site "Leeuwarden NED"]
[Date "2000.03.18"]
[Round "5"]
[White "Kosashvili,Y"]
[Black "Van de Oudeweetering,A"]
[Result "1-0"]
[WhiteElo "2548"]
[BlackElo "2372"]

1.e4 e5 2.Nf3 Nc6 3.Bb5 a6 4.Ba4 Nf6 5.O-O b5 6.Bb3 Bb7 7.d3 Be7 8.a4 O-O
9.Nc3 Na5 10.Ba2 b4 11.Ne2 d5 12.exd5 Bxd5 13.Bxd5 Qxd5 14.Bg5 h6 15.Bh4 Nc6
16.Re1 Rad8 17.Qc1 Nd7 18.Ng3 f5 19.Bxe7 Nxe7 20.c3 Nc6 21.d4 e4 22.Nh4 bxc3
23.bxc3 g5 24.c4 Qa5 25.Nhxf5 Rxf5 26.d5 Ne7 27.Nxf5 Nxf5 28.Rxe4 Nc5 29.Rg4 Re8
30.h4 Nb3 31.Qb1 Nxa1 32.Qxf5 Qe1+ 33.Kh2 Qe5+ 34.Qxe5 Rxe5 35.f4 Re4 36.hxg5 h5
37.Rh4 Rxc4 38.g3 Rxa4 39.Rxh5 Rc4 40.f5 Kg7 41.Rh6 Rc2+ 42.Kg1 Rc1+ 43.Kf2 Rc2+
44.Ke3 Rc3+ 45.Kf4 Rc4+ 46.Ke5 Nb3 47.f6+ Kg8 48.g6 Nc5 49.Kf5 Nd7 50.f7+ Kg7
51.Rh7+ Kf8 52.Rh8+ Ke7 53.Re8+ Kd6 54.Rd8  1-0

[Event "ch-ISL (team)"]
[Site "Reykjavik ISL"]
[Date "2000.03.24"]
[Round "?"]
[White "Thorsteinsson,B"]
[Black "Thorfinnsson,Bj"]
[Result "1/2-1/2"]
[WhiteElo "2329"]
[BlackElo "2195"]

1.e4 e5 2.Nf3 Nc6 3.Bb5 a6 4.Ba4 Nf6 5.O-O b5 6.Bb3 Bb7 7.Re1 Bc5 8.c3 d6
9.d4 Bb6 10.Bg5 h6 11.Bh4 g5 12.Bg3 O-O 13.dxe5 Nxe5 14.Nxe5 dxe5 15.Nd2 Qe7
16.Qe2 Rad8 17.a4 b4 18.a5 Ba7 19.Rad1 bxc3 20.bxc3 Kg7 21.Nc4 Nxe4 22.Rxd8 Rxd8
23.Bxe5+ f6 24.Bd4 Bxd4 25.cxd4 Rxd4 26.Ne3 Qe5 27.Qh5 Bd5 28.Bxd5 Rxd5 29.Nxd5 Qxd5
30.Qf3 f5 31.g4 Qxa5 32.Qe3 Nf6 33.Qe7+ Kg6 34.Re6 Qa1+ 35.Kg2 fxg4 36.Qxc7 Qd4
37.Qc2+ Kh5 38.Rxa6 Qe4+ 39.Qxe4 Nxe4 40.Re6 Nc5 41.Rc6 Nd3  1/2-1/2

[Event "19th Open"]
[Site "Reykjavik ISL"]
[Date "2000.04.09"]
[Round "5"]
[White "Drei,A"]
[Black "Thorfinnsson,Bj"]
[Result "1-0"]
[WhiteElo "2351"]
[BlackElo "2195"]

1.e4 e5 2.Nf3 Nc6 3.Bb5 a6 4.Ba4 Nf6 5.O-O b5 6.Bb3 Bb7 7.c3 Nxe4 8.d4 exd4
9.Re1 d5 10.Nxd4 Nxd4 11.cxd4 Bd6 12.Qf3 O-O 13.Nc3 Nxc3 14.bxc3 c6 15.Bc2 Re8
16.Rxe8+ Qxe8 17.Bd2 Bc8 18.Re1 Be6 19.h4 Qd7 20.Bf4 a5 21.Bxd6 Qxd6 22.h5 Qd8
23.Qd3 h6 24.Qh7+ Kf8 25.Qh8+ Ke7 26.Qxg7 Qh8 27.Qg3 Kd7 28.f4 Rg8 29.Qf2 Kc8
30.f5 Bd7 31.f6 Rg5 32.Re7 Qg8 33.Bg6 fxg6 34.Rg7 Qf8 35.f7 gxh5 36.Rxg5 hxg5
37.Qf6 g4 38.Qg6 Kd8 39.Qg5+ Kc7 40.Qg8 Qe7 41.f8=Q Qe3+ 42.Qf2 Qc1+ 43.Kh2 h4
44.Qxh4 Qf4+  1-0

[Event "Open"]
[Site "Dubai UAE"]
[Date "2000.04.30"]
[Round "3"]
[White "Asrian,K"]
[Black "Gokhale,C"]
[Result "1/2-1/2"]
[WhiteElo "2572"]
[BlackElo "2378"]

1.e4 e5 2.Nf3 Nc6 3.Bb5 a6 4.Ba4 Nf6 5.O-O b5 6.Bb3 Bb7 7.d3 Bc5 8.Nc3 O-O
9.a4 b4 10.Ne2 Na5 11.Ba2 d5 12.exd5 Bxd5 13.Bxd5 Qxd5 14.Ng3 h6 15.Qe2 Rfe8
16.Re1 Rad8 17.b3 Bd4 18.Rb1 Nc6 19.Be3 Bc3 20.Bd2 Nd4 21.Nxd4 exd4 22.Ne4 Nxe4
23.dxe4 d3 24.cxd3 Qxd3 25.Bxc3 bxc3 26.Rbc1 Rd4 27.Qxd3 Rxd3 28.Re3 Rxe3
29.fxe3 Rxe4 30.Rxc3 Rb4 31.Kf2 Rb7 32.e4 Kf8 33.Ke3 Ke7 34.Kd4 Kd6 35.e5+ Kd7
36.Kc5 Rb6 37.Rd3+ Ke7 38.b4 Re6 39.Rd5 h5 40.g3 h4 41.gxh4 c6 42.Rd4 Rxe5+
43.Kxc6 Re6+ 44.Kc5 Re5+ 45.Kb6 f5 46.Kxa6 Re4 47.Rxe4+ fxe4 48.b5 e3 49.b6 e2
50.b7 e1=Q 51.b8=Q Qxh4 52.a5 Kf7 53.Ka7 Qf2+ 54.Ka8 Qe2 55.Qb7+ Kg6 56.a6 Qe8+
57.Ka7 Kh7 58.Qb1+ Kh6 59.Qc1+ Kh7 60.Qc2+ Kh8 61.Qb1 Qa4 62.Kb7 Qd7+ 63.Ka8 Qd5+
64.Qb7 Qd3 65.Qc6 Kh7 66.Qe6 Qf3+ 67.Kb8 Qf8+ 68.Kb7 Qb4+ 69.Kc6 Qa4+ 70.Kc7 Qa5+
71.Kd7 Qb5+ 72.Ke7 Qb4+ 73.Qd6 Qe4+ 74.Kd7 Qf5+ 75.Kd8 Qa5+ 76.Kc8 Qc3+ 77.Kd7 Qe3
78.Kc6 Qc3+ 79.Qc5 Qf6+ 80.Qd6 Qc3+ 81.Kd7 Qe3 82.Kd8 Qg5+ 83.Kc8 Qe3 84.Qc6 Qh3+
85.Kc7 Qe3 86.Qc2+ g6 87.Qc4 Qe7+ 88.Kc6 Qf6+ 89.Kd7 Qg7+ 90.Kd6 Qf6+ 91.Qe6 Qd4+
92.Kc6 Qc3+ 93.Kd7 Qd4+ 94.Qd6 Qa7+ 95.Ke8 Qa8+ 96.Kf7 Qf3+ 97.Ke7 Qe3+ 98.Kd8 Qf2
99.h3 Qh4+ 100.Ke8 Qe4+ 101.Kd7 Qa4+ 102.Qc6 Qd4+ 103.Qd6 Qa7+ 104.Ke8 Qa8+
105.Kf7 Qf3+ 106.Ke7 Qe3+ 107.Kd8 Qf2 108.Qd3 Qf8+ 109.Kd7 Qf7+ 110.Kc6 Qf6+
111.Kc5 Qe5+ 112.Kc4 Qe6+ 113.Kc3 Qf6+ 114.Kd2 Qf2+ 115.Kc1 Qc5+ 116.Kd1 Qg1+
117.Kc2 Qc5+ 118.Kb3 Qb6+ 119.Kc3 Qc5+ 120.Qc4 Qe3+ 121.Kb4 Qe1+  1/2-1/2

[Event "ch-NED"]
[Site "Rotterdam NED"]
[Date "2000.05.15"]
[Round "8"]
[White "Nijboer,F"]
[Black "Van der Wiel,J"]
[Result "1-0"]
[WhiteElo "2540"]
[BlackElo "2558"]

1.e4 e5 2.Nf3 Nc6 3.Bb5 a6 4.Ba4 Nf6 5.O-O b5 6.Bb3 Bb7 7.c3 Nxe4 8.d4 Na5
9.Nxe5 Nxb3 10.Qxb3 Qf6 11.f3 Nc5 12.Ng4 Nxb3 13.Nxf6+ Ke7 14.Bg5 Nxd4 15.cxd4 gxf6
16.Re1+ Kd6 17.Bxf6 Rg8 18.Nc3 Bxf3 19.Be5+ Kc6 20.Bg3 b4 21.Rac1 Kb7 22.gxf3 bxc3
23.Rxc3 Rc8 24.Rb3+ Ka7 25.Kf1 Rg6 26.Bf2 Bd6 27.Re4 Rb8 28.d5+ Ka8 29.Rxb8+ Kxb8
30.Re8+ Kb7 31.Rh8 Rh6 32.Bg3 Bxg3 33.hxg3 Rh2 34.b4 d6 35.g4 f6 36.a3 Ra2
37.Rxh7 Rxa3 38.Kf2 Rb3 39.Rf7 Rxb4 40.Rxf6 a5 41.Re6 a4 42.Re3 Rd4 43.g5 Rxd5
44.f4 Ra5 45.g6 a3 46.g7 a2 47.Re1  1-0

[Event "ch-NED"]
[Site "Rotterdam NED"]
[Date "2000.05.18"]
[Round "10"]
[White "De Vreugt,D"]
[Black "Van der Wiel,J"]
[Result "1/2-1/2"]
[WhiteElo "2498"]
[BlackElo "2558"]

1.e4 e5 2.Nf3 Nc6 3.Bb5 a6 4.Ba4 Nf6 5.O-O b5 6.Bb3 Bb7 7.d3 Be7 8.a4 O-O
9.Nc3 Na5 10.Ba2 b4 11.Ne2 d5 12.Ng3 dxe4 13.dxe4 Nxe4 14.Nxe5 Qxd1 15.Rxd1 Bd6
16.Nd3 Nxg3 17.hxg3 Be4 18.Be3 Rab8 19.Rac1 Rfe8 20.Nf4 Bc6 21.b3 Be4 22.c3 Nc6
23.cxb4 Nxb4 24.Bb1 Bxb1 25.Rxb1 Nc2 26.Nd5 Nxe3 27.Nxe3 Bxg3 28.Nc4 Bh4
29.Na5 Re2 30.g3 Bf6 31.Rbc1 h5 32.Rd3 h4 33.gxh4 Bxh4 34.Rf3 Rb2 35.Rc6 Rb6
36.Kg2 Rxc6 37.Nxc6 Bf6 38.Nb4 Bd4 39.Nxa6 c5 40.Nc7 g6 41.Nb5 Be5 42.Na7 c4
43.Nc6 Bd6 44.bxc4 Rc2 45.Rf6 Bc5 46.Rf4 g5 47.Rf5 Bxf2 48.Rxg5+ Kf8 49.Rf5 Bd4+
50.Kf3  1/2-1/2

[Event "III Magistral de VRSA"]
[Site "Santo Antonio POR"]
[Date "2000.05.20"]
[Round "1"]
[White "Rocha,S"]
[Black "Santos,CP"]
[Result "1/2-1/2"]
[WhiteElo "2380"]
[BlackElo "2379"]

1.e4 e5 2.Nf3 Nc6 3.Bb5 a6 4.Ba4 Nf6 5.O-O b5 6.Bb3 Bb7 7.Re1 Bc5 8.d3 d6
9.c3 h6 10.Nbd2 O-O 11.Nf1 Ne7 12.Nh4 Kh7 13.Qf3 Bc8 14.h3 Be6 15.Ng3 Qd7
16.d4 Bxb3 17.axb3 Bb6 18.Rd1 Qe6 19.d5 Qd7 20.Nhf5 Nxf5 21.Nxf5 Ng8 22.Qg4 g6
23.Nxh6 Qxg4 24.Nxg4 f5 25.exf5 gxf5 26.Nh2 f4 27.Kf1 Nf6 28.Ng4 Nxg4 29.hxg4 Kg6
30.Bd2 Kg5 31.Ke2 Kxg4 32.Rh1 a5 33.Rh7 Rh8 34.Rf7 Raf8 35.Rg7+ Kf5 36.c4 b4
37.g3 Bxf2 38.gxf4 Rh2 39.fxe5 Kxe5 40.Rg5+ Ke4 41.Rg4+ Ke5 42.Rg5+  1/2-1/2

[Event "Capablanca Mem Premier I"]
[Site "Varadero CUB"]
[Date "2000.05.20"]
[Round "11"]
[White "Abreu,A"]
[Black "Perez,Lu"]
[Result "1/2-1/2"]
[WhiteElo "2419"]
[BlackElo "2459"]

1.e4 e5 2.Nf3 Nc6 3.Bb5 a6 4.Ba4 Nf6 5.O-O b5 6.Bb3 Bb7 7.Re1 Bc5 8.c3 d6
9.d4 Bb6 10.Be3 O-O 11.Nbd2 h6 12.a4 Ng4 13.Qe2 exd4 14.cxd4 Nxe3 15.fxe3 Na5
16.Bc2 b4 17.Qd3 g6 18.h4 d5 19.e5 Bc8 20.h5 Bf5 21.e4 dxe4 22.Nxe4 b3  1/2-1/2

[Event "Guillermo Garcia Premier I"]
[Site "Santa Clara CUB"]
[Date "2000.06.09"]
[Round "13"]
[White "Gongora,M"]
[Black "Perez,Lu"]
[Result "1-0"]
[WhiteElo "2439"]
[BlackElo "2459"]

1.e4 e5 2.Nf3 Nc6 3.Bb5 a6 4.Ba4 Nf6 5.O-O b5 6.Bb3 Bb7 7.c3 Nxe4 8.d4 exd4
9.Re1 d5 10.Ng5 Ne5 11.cxd4 Nc4 12.f3 Be7 13.Bxc4 bxc4 14.fxe4 Bxg5 15.Qa4+ c6
16.exd5+ Kd7 17.Na3 Kc7 18.dxc6 Qxd4+ 19.Kh1 Bxc6 20.Qa5+  1-0

[Event "XVIII Open"]
[Site "Andorra AND"]
[Date "2000.06.24"]
[Round "1"]
[White "Serra Olives,T"]
[Black "Kuzmin,A"]
[Result "0-1"]
[WhiteElo "2196"]
[BlackElo "2587"]

1.e4 e5 2.Nf3 Nc6 3.Bb5 a6 4.Ba4 Nf6 5.O-O b5 6.Bb3 Bb7 7.c3 Nxe4 8.d4 Na5
9.Nxe5 Nxb3 10.Qxb3 Nd6 11.a4 Be7 12.axb5 axb5 13.Rxa8 Qxa8 14.f3 Bd5 15.Qc2 f6
16.Nd3 O-O 17.Re1 Re8 18.Nc5 Bf8 19.Qf2 Qc8 20.Bf4 Nc4 21.Nd3 Rxe1+ 22.Qxe1 d6
23.Nd2 Qf5 24.Ne4 Nxb2 25.Nxb2 Qxf4 26.Nd3 Qf5 27.Qe3 Bc4 28.g4 Qe6 29.Nf4 Qe7
30.d5 Qe5 31.Qd2 f5 32.gxf5 Qxf5 33.Kg2 Be7 34.h3 g5 35.Nh5 Qf7  0-1

[Event "Balatontourist Open"]
[Site "Budapest HUN"]
[Date "2000.06.24"]
[Round "9"]
[White "Berczes,C"]
[Black "Letay,G"]
[Result "0-1"]
[WhiteElo "2109"]
[BlackElo "2198"]

1.e4 e5 2.Nf3 Nc6 3.Bb5 a6 4.Ba4 Nf6 5.O-O b5 6.Bb3 Bb7 7.d4 Nxd4 8.Nxd4 exd4
9.e5 Ne4 10.Re1 c5 11.c4 dxc3 12.Bc2 cxb2 13.Bxb2 Ng5 14.f4 Ne6 15.f5 Qg5
16.g3 Nd4 17.Bxd4 cxd4 18.e6 dxe6 19.fxe6 O-O-O 20.Be4 Bxe4 21.Rxe4 Qd5 22.Nd2 fxe6
23.a4 b4 24.Rc1+ Kb7 25.Rg4 g6 26.Qc2 Bd6 27.Nc4 d3 28.Qb2 Bc7 29.Ne3 Qd6
30.Nc4 Qe7 31.a5 Rhf8 32.Qd2 Rf5 33.Re4 Rb5 34.Rce1 Qc5+ 35.Kh1 Rd4 36.Qg2 Rxe4
37.Rxe4 Qc6 38.Rxe6 Qxg2+ 39.Kxg2 Rc5 40.Nd6+ Bxd6 41.Rxd6 Rxa5 42.Rxd3 Kc6
43.Kf1 Rd5 44.Rf3 a5 45.Ke2 a4 46.Rf7 Rd7 47.Rf6+ Kb5 48.h4 a3 49.Rf8 b3
50.Rb8+ Kc4 51.Rc8+ Kb4 52.Rb8+ Kc3 53.Rc8+ Kb2 54.Ra8 a2 55.g4 a1=Q  0-1